[Event "Athens op 03-A"]
[Site "Athens"]
[Date "2012.03.13"]
[Round "2"]
[White "Anairousis, Panagiotis"]
[Black "Papageorgiou, Ioannis"]
[Result "1-0"]
[WhiteElo "1933"]
[BlackElo "1662"]
[PlyCount "67"]
[EventDate "2012.03.06"]
[EventType "swiss"]
[EventRounds "7"]
[EventCountry "GRE"]
[SourceTitle "EXT 2014"]
[Source "ChessBase"]
[SourceDate "2013.11.20"]
[SourceVersion "1"]
[SourceVersionDate "2013.11.20"]
[SourceQuality "1"]

1. e4 b6 2. Nf3 Bb7 3. Bc4 e6 4. Qe2 a6 5. Bb3 Nf6 6. d3 d6 7. Nbd2 Nbd7 8. Nf1 Nc5 9. Ng3 Be7 10. Nd4 Nxb3 11. Nxb3 Qd7 12. Be3 a5 13. f3 a4 14. Nd2 Qc6 15. Nb1 Ba6 16. 0-0 h5 17. c4 h4 18. Nh1 Nh5 19. Nc3 Rb8 20. Rfc1 Qd7 21. Qc2 Bb7 22. Qxa4 Bc6 23. Qc2 g5 24. Ne2 f5 25. Nd4 Bb7 26. Nf2 c5 27. Nb5 d5 28. Re1 0-0 29. exd5 exd5 30. Qc1 f4 31. Bd2 Rf7 32. a4 Nf6 33. h3 Ba8 34. a5 1-0

[Event "Fyli op 3rd"]
[Site "Fyli"]
[Date "2011.10.07"]
[Round "4"]
[White "Papageorgiou, Ioannis"]
[Black "Fili, Anastasia"]
[Result "0-1"]
[WhiteElo "1672"]
[BlackElo "1702"]
[PlyCount "82"]
[EventDate "2011.09.16"]
[EventType "swiss"]
[EventRounds "7"]
[EventCountry "GRE"]
[SourceTitle "EXT 2013"]
[Source "ChessBase"]
[SourceDate "2012.11.22"]
[SourceVersion "1"]
[SourceVersionDate "2012.11.22"]
[SourceQuality "1"]

1. b3 d5 2. e3 Nf6 3. Bb2 e6 4. Nf3 Nbd7 5. c4 Be7 6. cxd5 exd5 7. Be2 0-0 8. 0-0 b6 9. Bb5 Bb7 10. Bxd7 Qxd7 11. Ne5 Qf5 12. g4 Qe6 13. f4 Bd6 14. f5 Qe7 15. d4 Ne4 16. Qe1 f6 17. Nf3 Ba6 18. Nc3 Bxf1 19. Kxf1 Nxc3 20. Bxc3 Rfe8 21. Kf2 Qe4 22. h3 Qc2+ 23. Kg1 Re7 24. Bd2 Qe4 25. Qf2 h5 26. g5 Qxf5 27. Rf1 fxg5 28. Qg2 Qg6 29. Nxg5 c6 30. h4 Rae8 31. Rf3 Qb1+ 32. Rf1 Qd3 33. Rf3 Qb1+ 34. Rf1 Qg6 35. Rf3 Rf8 36. Rxf8+ Kxf8 37. Qf3+ Ke8 38. Qh3 Kd8 39. Kg2 Qc2 40. Nf3 Rxe3 41. Qh1 Re2+ 0-1

[Event "Fyli op 3rd"]
[Site "Fyli"]
[Date "2011.09.30"]
[Round "3"]
[White "Fessas, Prokopios"]
[Black "Papageorgiou, Ioannis"]
[Result "1-0"]
[WhiteElo "1965"]
[BlackElo "1672"]
[PlyCount "51"]
[EventDate "2011.09.16"]
[EventType "swiss"]
[EventRounds "7"]
[EventCountry "GRE"]
[SourceTitle "EXT 2013"]
[Source "ChessBase"]
[SourceDate "2012.11.22"]
[SourceVersion "1"]
[SourceVersionDate "2012.11.22"]
[SourceQuality "1"]

1. d4 d5 2. Nf3 Nc6 3. c4 Bg4 4. cxd5 Bxf3 5. dxc6 Bxc6 6. Nc3 e6 7. Bf4 Bb4 8. f3 Ne7 9. a3 Bxc3+ 10. bxc3 Ng6 11. Bg3 h5 12. h3 Qe7 13. e3 Qg5 14. Kf2 0-0-0 15. Qb3 Qf6 16. Rb1 Nh4 17. Be2 b6 18. Qc4 e5 19. dxe5 Qh6 20. Bxh4 Bd5 21. Qf4 Qg6 22. Bxd8 Rxd8 23. Rbd1 Rd7 24. e4 Bc6 25. Rxd7 Kxd7 26. Qf5+ 1-0

[Event "Fyli op 3rd"]
[Site "Fyli"]
[Date "2011.09.16"]
[Round "1"]
[White "Alexopoulos, Alexios"]
[Black "Papageorgiou, Ioannis"]
[Result "1/2-1/2"]
[WhiteElo "1835"]
[BlackElo "1672"]
[PlyCount "134"]
[EventDate "2011.09.16"]
[EventType "swiss"]
[EventRounds "7"]
[EventCountry "GRE"]
[SourceTitle "EXT 2013"]
[Source "ChessBase"]
[SourceDate "2012.11.22"]
[SourceVersion "1"]
[SourceVersionDate "2012.11.22"]
[SourceQuality "1"]

1. e4 Nc6 2. Nf3 Nf6 3. e5 Ng4 4. d4 d5 5. h3 Nh6 6. Bb5 a6 7. Ba4 b5 8. Bb3 Na5 9. 0-0 Nxb3 10. axb3 Bf5 11. Bg5 Qd7 12. e6 Bxe6 13. Ne5 Qd6 14. Bf4 Qb6 15. Re1 g6 16. g4 Bg7 17. Qd2 Ng8 18. c4 bxc4 19. bxc4 Bxe5 20. Bxe5 f6 21. c5 Qc6 22. Bxc7 Qd7 23. Bg3 h5 24. Qe2 Kf7 25. Rxa6 Rxa6 26. Qxa6 Nh6 27. c6 Qc8 28. Qxc8 Bxc8 29. b4 hxg4 30. b5 Nf5 31. Rd1 Rxh3 32. Kg2 Nd6 33. Nc3 Bf5 34. Rh1 Nxb5 35. Nxb5 Be4+ 36. f3 Bxf3+ 37. Kf2 Rxh1 38. Bf4 g5 39. c7 Rh8 40. Bg3 Ra8 41. Na7 Ke8 42. c8Q+ Rxc8 43. Nxc8 Kd7 44. Na7 Ke6 45. Nc6 Kd7 46. Nb4 e6 47. Nd3 Kc6 48. Ke3 Kb5 49. Bd6 f5 50. Be7 f4+ 51. Kf2 Kc4 52. Nc5 Kxd4 53. Nxe6+ Ke5 54. Nxg5 Be4 55. Bd8 d4 56. Bc7+ Kf5 57. Nf7 g3+ 58. Kg1 Kg4 59. Ne5+ Kh3 60. Nf7 Kg4 61. Ne5+ Kf5 62. Kf1 d3 63. Nc4 Bd5 64. Nd2 Kg4 65. Bb6 f3 66. Be3 Kh3 67. Kg1 Kg4 1/2-1/2

[Event "Fyli op 2nd"]
[Site "Fyli"]
[Date "2011.06.03"]
[Round "7"]
[White "Gougis, Antonios"]
[Black "Papageorgiou, Ioannis"]
[Result "0-1"]
[WhiteElo "1690"]
[BlackElo "1721"]
[PlyCount "50"]
[EventDate "2011.04.15"]
[EventType "swiss"]
[EventRounds "7"]
[EventCountry "GRE"]
[SourceTitle "EXT 2013"]
[Source "ChessBase"]
[SourceDate "2012.11.22"]
[SourceVersion "1"]
[SourceVersionDate "2012.11.22"]
[SourceQuality "1"]

1. e4 Nc6 2. Nf3 Nf6 3. e5 Nd5 4. d4 d6 5. c4 Nb6 6. Bd3 dxe5 7. d5 Nb4 8. Nxe5 Nxd3+ 9. Qxd3 e6 10. 0-0 Qf6 11. Ng4 Qh4 12. Qe2 Bc5 13. Nc3 0-0 14. Ne4 exd5 15. Ngf6+ gxf6 16. Nxc5 Nxc4 17. b3 Ne5 18. f4 Ng4 19. g3 Qh5 20. Bb2 b6 21. Nd3 Ba6 22. Rfd1 Rfe8 23. Qc2 Re3 24. Nb4 Re2 25. Rd2 Qxh2+ 0-1

[Event "Fyli op 2nd"]
[Site "Fyli"]
[Date "2011.05.20"]
[Round "5"]
[White "Dimanoudis, Agelos"]
[Black "Papageorgiou, Ioannis"]
[Result "0-1"]
[WhiteElo "1000"]
[BlackElo "1721"]
[PlyCount "52"]
[EventDate "2011.04.15"]
[EventType "swiss"]
[EventRounds "7"]
[EventCountry "GRE"]
[SourceTitle "EXT 2013"]
[Source "ChessBase"]
[SourceDate "2012.11.22"]
[SourceVersion "1"]
[SourceVersionDate "2012.11.22"]
[SourceQuality "1"]

1. e4 Nf6 2. d3 d5 3. Nd2 e5 4. Ngf3 Nc6 5. g3 Bg4 6. Bg2 Qd7 7. 0-0 Bh3 8. exd5 Nxd5 9. Nc4 Bxg2 10. Kxg2 f6 11. Bd2 0-0-0 12. a3 g5 13. b4 a6 14. Ne3 h5 15. h4 Nf4+ 16. gxf4 gxf4 17. Kh2 fxe3 18. fxe3 e4 19. dxe4 Bd6+ 20. Kg2 Qg4+ 21. Kf2 Bg3+ 22. Ke2 Ne5 23. Bc3 Rxd1 24. Raxd1 Rd8 25. Bd4 Qxh4 26. a4 Qh2+ 0-1

[Event "Fyli op 2nd"]
[Site "Fyli"]
[Date "2011.05.13"]
[Round "4"]
[White "Papageorgiou, Ioannis"]
[Black "Tsoukarakis, Ioannis"]
[Result "1-0"]
[WhiteElo "1721"]
[BlackElo "1458"]
[PlyCount "47"]
[EventDate "2011.04.15"]
[EventType "swiss"]
[EventRounds "7"]
[EventCountry "GRE"]
[SourceTitle "EXT 2013"]
[Source "ChessBase"]
[SourceDate "2012.11.22"]
[SourceVersion "1"]
[SourceVersionDate "2012.11.22"]
[SourceQuality "1"]

1. b3 Nc6 2. Bb2 e5 3. Nf3 d6 4. d4 exd4 5. Nxd4 Nxd4 6. Qxd4 Nf6 7. Nc3 Be7 8. e4 Be6 9. 0-0-0 0-0 10. f4 c5 11. Qd2 a5 12. a4 Qc7 13. f5 Bd7 14. Qf4 Qd8 15. Kb1 Bc6 16. Be2 Qc7 17. g4 h6 18. h4 Rac8 19. g5 hxg5 20. hxg5 Nh7 21. Rxh7 Bxg5 22. Rxg7+ Kxg7 23. Qxg5+ Kh8 24. Rh1# 1-0

[Event "Fyli op 2nd"]
[Site "Fyli"]
[Date "2011.05.06"]
[Round "3"]
[White "Spyropoulos, Athanasios"]
[Black "Papageorgiou, Ioannis"]
[Result "1-0"]
[WhiteElo "1270"]
[BlackElo "1721"]
[PlyCount "81"]
[EventDate "2011.04.15"]
[EventType "swiss"]
[EventRounds "7"]
[EventCountry "GRE"]
[SourceTitle "EXT 2013"]
[Source "ChessBase"]
[SourceDate "2012.11.22"]
[SourceVersion "1"]
[SourceVersionDate "2012.11.22"]
[SourceQuality "1"]

1. e4 Nc6 2. d4 e5 3. d5 Nce7 4. Nc3 Ng6 5. Bd2 Nf6 6. Qe2 Bc5 7. 0-0-0 a6 8. Na4 Ba7 9. h3 d6 10. g3 Bd7 11. Nc3 b5 12. f4 b4 13. Nb1 Bb5 14. Qf3 Rb8 15. f5 Ne7 16. Ne2 c5 17. dxc6 Bxc6 18. Rh2 Bxe4 19. Qb3 a5 20. g4 a4 21. Qxa4+ Nc6 22. Bg2 Qc7 23. g5 Bxg2 24. gxf6 Be4 25. fxg7 Rg8 26. f6 Kd8 27. Qb3 Na5 28. Qa4 Bc6 29. Qxb4 Rxb4 30. Bxb4 Be3+ 31. Nd2 Nc4 32. Ng3 Qb8 33. Bc3 d5 34. Nf5 Bf4 35. b3 Nxd2 36. Rhxd2 Qc7 37. Ne7 Re8 38. Ba5 Qxa5 39. Nxc6+ Kc7 40. Nxa5 Ra8 41. Kb2 1-0

[Event "Fyli op 2nd"]
[Site "Fyli"]
[Date "2011.04.29"]
[Round "2"]
[White "Papageorgiou, Ioannis"]
[Black "Hondrovasilopoulos, Ioannis"]
[Result "0-1"]
[WhiteElo "1721"]
[BlackElo "1505"]
[PlyCount "64"]
[EventDate "2011.04.15"]
[EventType "swiss"]
[EventRounds "7"]
[EventCountry "GRE"]
[SourceTitle "EXT 2013"]
[Source "ChessBase"]
[SourceDate "2012.11.22"]
[SourceVersion "1"]
[SourceVersionDate "2012.11.22"]
[SourceQuality "1"]

1. d4 d5 2. Nc3 Nf6 3. Bg5 Nc6 4. f3 Bf5 5. a3 e6 6. e3 Be7 7. Bd3 0-0 8. Nge2 Bg6 9. Nf4 Nd7 10. Bxe7 Nxe7 11. e4 c5 12. Nxg6 fxg6 13. dxc5 Nxc5 14. Be2 d4 15. Nb5 e5 16. Bc4+ Kh8 17. b4 Na4 18. Bb3 Nb6 19. a4 a6 20. Na3 Rc8 21. a5 Nd7 22. Nc4 Rf6 23. 0-0 Rfc6 24. Qe2 Qc7 25. Na3 Rc3 26. b5 d3 27. Qe1 dxc2 28. b6 Qc5+ 29. Qf2 Qxf2+ 30. Kxf2 Rxb3 31. Rfc1 Rcc3 32. Nxc2 Rb2 0-1

[Event "Fyli op 2nd"]
[Site "Fyli"]
[Date "2011.04.15"]
[Round "1"]
[White "Derka, Lulzim"]
[Black "Papageorgiou, Ioannis"]
[Result "0-1"]
[WhiteElo "1000"]
[BlackElo "1721"]
[PlyCount "97"]
[EventDate "2011.04.15"]
[EventType "swiss"]
[EventRounds "7"]
[EventCountry "GRE"]
[SourceTitle "EXT 2013"]
[Source "ChessBase"]
[SourceDate "2012.11.22"]
[SourceVersion "1"]
[SourceVersionDate "2012.11.22"]
[SourceQuality "1"]

1. d4 Nc6 2. e3 e5 3. c4 Nf6 4. Nc3 Bb4 5. d5 Ne7 6. Qb3 a5 7. a3 Bc5 8. Bd3 d6 9. Nge2 0-0 10. Qc2 Ng6 11. b3 Bd7 12. 0-0 Nh5 13. Ng3 Nxg3 14. hxg3 f5 15. Qe2 e4 16. Bc2 Qg5 17. Bd1 Ne5 18. Qh5 Qe7 19. Bd2 Rf6 20. Nb5 Rh6 21. Qe2 Bxb5 22. cxb5 Qf7 23. Qe1 Nd3 24. Qe2 Ne5 25. Bc3 Ng4 26. f3 Bxe3+ 27. Qxe3 Nxe3 28. Re1 Nxd5 29. Bd4 Re8 30. Be2 Nb6 31. Rec1 d5 32. Rc3 Rhe6 33. f4 e3 34. Rac1 R6e7 35. Rc5 Qg6 36. Kh2 Qh6+ 37. Kg1 Qg6 38. Kh2 Qe6 39. Rxc7 Nd7 40. Re1 Qe4 41. Bc3 Nf6 42. Bf3 Qd3 43. Rxe7 Rxe7 44. Bxa5 Ng4+ 45. Kg1 Nf2 46. Be2 Qxb3 47. Bb4 Re6 48. g4 Rh6 49. Bf3 0-1

[Event "GRE-chT Div-A 38th"]
[Site "Peristeri"]
[Date "2010.07.07"]
[Round "3"]
[White "Papageorgiou, Ioannis"]
[Black "Pountzas, Hrisanthos"]
[Result "0-1"]
[WhiteElo "1966"]
[BlackElo "2171"]
[PlyCount "68"]
[EventDate "2010.07.05"]
[EventType "team-swiss"]
[EventRounds "7"]
[EventCountry "GRE"]
[SourceTitle "CBM 137 Extra"]
[Source "ChessBase"]
[SourceDate "2010.09.01"]
[SourceVersion "1"]
[SourceVersionDate "2010.09.01"]
[SourceQuality "1"]

1. e4 c5 2. g3 g6 3. Bg2 Bg7 4. Ne2 Nc6 5. c3 e5 6. 0-0 Nge7 7. Na3 d6 8. Nc2 Qb6 9. d3 0-0 10. Rb1 Be6 11. c4 a5 12. b3 f5 13. a3 Rab8 14. Be3 Qc7 15. b4 b6 16. Qd2 Nd4 17. Ncxd4 cxd4 18. Bh6 Bxh6 19. Qxh6 b5 20. cxb5 Qc2 21. Rfc1 Qxe2 22. Bf1 Qa2 23. bxa5 fxe4 24. dxe4 Qxf2+ 25. Kh1 Nd5 26. Bh3 Bxh3 27. Qxh3 Ne3 28. Rc7 Qf3+ 29. Kg1 h5 30. b6 Qf2+ 31. Kh1 d3 32. b7 d2 33. Rc8 Qf3+ 34. Kg1 d1Q+ 0-1

[Event "GRE-chT Div-A 38th"]
[Site "Peristeri"]
[Date "2010.07.06"]
[Round "2"]
[White "Zenelis, Konstantinos"]
[Black "Papageorgiou, Ioannis"]
[Result "1/2-1/2"]
[WhiteElo "2179"]
[BlackElo "1966"]
[PlyCount "64"]
[EventDate "2010.07.05"]
[EventType "team-swiss"]
[EventRounds "7"]
[EventCountry "GRE"]
[SourceTitle "CBM 137 Extra"]
[Source "ChessBase"]
[SourceDate "2010.09.01"]
[SourceVersion "1"]
[SourceVersionDate "2010.09.01"]
[SourceQuality "1"]

1. e4 e6 2. d4 d5 3. Nd2 Nf6 4. e5 Nfd7 5. Bd3 c5 6. c3 Nc6 7. Ne2 cxd4 8. cxd4 f6 9. exf6 Nxf6 10. 0-0 Bd6 11. Nf3 Qc7 12. Bg5 0-0 13. Bh4 Ng4 14. Bg3 Bd7 15. Nc3 Bxg3 16. hxg3 e5 17. dxe5 Ncxe5 18. Nxd5 Qd6 19. Nxe5 Qxe5 20. Be2 Rae8 21. Nf4 Nf6 22. Qb3+ Kh8 23. Bf3 Bc6 24. Rac1 Ne4 25. Rce1 Qf6 26. Nd5 Qf5 27. Ne3 Qg6 28. Rd1 Rxf3 29. gxf3 Nxg3 30. fxg3 Rxe3 31. Rd8+ Be8 32. Qxe3 Qxg3+ 1/2-1/2

[Event "GRE-chT Div-A 38th"]
[Site "Peristeri"]
[Date "2010.07.05"]
[Round "1"]
[White "Papageorgiou, Ioannis"]
[Black "Argiroudis, Stamatis"]
[Result "0-1"]
[WhiteElo "1966"]
[BlackElo "2315"]
[PlyCount "88"]
[EventDate "2010.07.05"]
[EventType "team-swiss"]
[EventRounds "7"]
[EventCountry "GRE"]
[SourceTitle "CBM 137 Extra"]
[Source "ChessBase"]
[SourceDate "2010.09.01"]
[SourceVersion "1"]
[SourceVersionDate "2010.09.01"]
[SourceQuality "1"]

1. e4 c6 2. d4 d5 3. exd5 cxd5 4. Bd3 Nc6 5. c3 Nf6 6. Nf3 Bg4 7. Bf4 e6 8. 0-0 Be7 9. Nbd2 0-0 10. h3 Bh5 11. Qb1 Bg6 12. Bxg6 hxg6 13. Ne5 Nxe5 14. Bxe5 b5 15. Qd3 Qd7 16. a4 b4 17. Qb5 a6 18. Qxd7 Nxd7 19. Bc7 Rfc8 20. Ba5 Rab8 21. f4 Bd6 22. g4 bxc3 23. Bxc3 Bb4 24. Nb1 Nf6 25. f5 Bxc3 26. bxc3 gxf5 27. gxf5 Ne4 28. fxe6 fxe6 29. Ra2 Rf8 30. Rxf8+ Kxf8 31. Nd2 Nxc3 32. Rc2 Ne2+ 33. Kf2 Nxd4 34. Rc7 Rb4 35. a5 Rb5 36. Nf1 Rxa5 37. Ne3 Ra2+ 38. Kf1 a5 39. Ng4 Nf3 40. Ne3 d4 41. Nc4 Rc2 42. Rc8+ Ke7 43. Rc7+ Kf6 44. h4 Rxc4 0-1

[Event "Greek CC Unions op 2nd"]
[Site "Greece"]
[Date "2008.06.26"]
[Round "7"]
[White "Tsikerdanos, Konstantinos"]
[Black "Papageorgiou, Ioannis"]
[Result "1-0"]
[WhiteElo "2024"]
[BlackElo "2056"]
[PlyCount "65"]
[EventDate "2008.06.21"]
[EventType "swiss"]
[EventRounds "7"]
[EventCountry "GRE"]
[SourceTitle "EXT 2010"]
[Source "ChessBase"]
[SourceDate "2010.11.25"]
[SourceVersion "1"]
[SourceVersionDate "2010.11.25"]
[SourceQuality "1"]

1. Nf3 b5 2. g3 Bb7 3. Bg2 e5 4. d3 f6 5. e4 Bc5 6. 0-0 h5 7. Be3 Bxe3 8. fxe3 g5 9. Nc3 b4 10. Nd5 a5 11. d4 d6 12. dxe5 dxe5 13. c3 c6 14. Nxf6+ Qxf6 15. Nh4 gxh4 16. Rxf6 Nxf6 17. Qd6 Nbd7 18. Qe6+ Kd8 19. Rd1 Kc7 20. Qd6+ Kb6 21. cxb4 hxg3 22. hxg3 h4 23. Bh3 hxg3 24. Bxd7 Nxd7 25. bxa5+ Rxa5 26. Qxd7 Rg8 27. Qf7 Raa8 28. Rd7 Ba6 29. Qb3+ Bb5 30. a4 g2 31. axb5 Ra1+ 32. Rd1 Rxd1+ 33. Qxd1 1-0